Movie Trilogies - Statistics

General Stats
  • This quiz has been taken 2,634 times
    451 since last reset
  • The average score is 16 of 27
Answer Stats
Year Answer % Correct
2002 The Two Towers
85%
2001 The Fellowship of the Ring
82%
2003 The Return of the King
82%
1991 The Silence of the Lambs
75%
1999 The Matrix
74%
1984 The Terminator
74%
1981 Raiders of the Lost Ark
71%
1999 The Phantom Menace
70%
2005 Revenge of the Sith
69%
1991 Judgment Day
68%
2003 The Curse of the Black Pearl
66%
2002 Attack of the Clones
65%
1984 The Temple of Doom
65%
1994 Red
62%
2001 Hannibal
58%
2003 The Matrix Reloaded
58%
2006 Dead Man's Chest
57%
1989 The Last Crusade
57%
1993 Blue
54%
2009 The Girl with the Dragon Tattoo
53%
2007 At World's End
49%
2002 Red Dragon
43%
2003 The Matrix Revolutions
43%
1994 White
43%
2019 Dark Fate
16%
2009 The Girl who Kicked the Hornet's Nest
16%
2009 The Girl who Played with Fire
10%
No matching quizzes found
Score Distribution
Percent of People with Each Score
Percentile by Number Answered
Your Score History
You have not taken this quiz since the last reset